[Event "Silver Lake Open-A 2018"]
[Site "Veliko Gradiste"]
[Date "2018.06.21"]
[Round "6"]
[White "Hirneise, Tobias"]
[Black "Ozen, Bahadir"]
[Result "1-0"]
[WhiteElo "2461"]
[BlackElo "2316"]
[Annotator "TA"]
[PlyCount "83"]
[EventDate "2018.06.21"]
[EventType "swiss"]
[EventCountry "SRB"]
[SourceTitle "playchess.com"]
[Source "ChessBase"]
[SourceQuality "1"]

{[%evp 9,83,33,62,56,62,52,59,54,99,30,115,88,128,89,130,117,153,169,197,196,201,201,202,196,218,212,236,193,218,233,220,225,235,209,202,198,192,185,193,155,145,139,145,139,125,145,125,118,100,115,116,105,147,153,147,157,144,156,152,157,156,153,156,150,544,522,506,484,1045,977,1566,1319,29956,6338,29986,29987]} 1. e4 g6 2. d4 Bg7 3. c4 d6 4. Nc3 Nd7 5. Be3 e6 {LiveBook: 16 Games} 6. f4 {A42: Modern Defence: Averbakh Variation} (6. Qd2 h6 7. Bd3 Ne7 8. h4 a6 9. Nge2 b6 10. Bc2 Bb7 11. Ng3 Nc6 12. Nce2 b5 13. cxb5 axb5 {0-1 (124) Grishchenko,S (2469)-Apryshko,G (2316) Orsha 2018}) 6... Ne7 7. Nf3 a6 8. Qd2 {White is slightly better.} h6 9. O-O-O (9. Bd3 $16) 9... c6 (9... b5 $11 {remains equal.}) 10. Kb1 $146 ({Predecessor:} 10. Be2 Qa5 11. Kb1 b5 12. e5 d5 13. cxd5 cxd5 {1-0 (29) Pataki,G (2354)-Stanisavljevic,M (2245) Croatia 2011}) 10... b5 11. e5 d5 12. c5 $1 ({But not} 12. cxb5 $6 axb5 13. b3 Qa5 $11) 12... Nf8 13. Bd3 Kd7 14. g4 Kc7 15. Bf2 {[%cal Be3f2,Bf2h4,Bh4f6][%mdl 32]} Kb8 16. Bh4 Nh7 17. Rhg1 Bf8 18. Qc2 Qe8 19. Bf6 Rg8 20. h4 Bg7 21. Bxe7 Qxe7 22. h5 Nf8 23. hxg6 fxg6 24. Bxg6 Nxg6 25. Qxg6 {Black must now prevent f5.} Qf8 26. Qd3 Qxf4 27. Rdf1 Ra7 28. Ne2 Qf8 29. Ng5 {[%cal Bf3g5,Bg5h7,Bh7f6][%mdl 32]} Qe8 30. Nh7 Bh8 31. Nf6 Bxf6 32. exf6 ({Don't take} 32. Rxf6 $6 Rag7 $16) 32... Ka8 33. Nf4 $1 $36 {[%mdl 2048] Keeping Black busy.} e5 34. dxe5 Qxe5 {[#]} 35. Ng6 $1 {[%cal Rg6e5]} Qe8 36. Ne7 Rf8 $2 (36... Rxe7 $16 {is a better chance.} 37. fxe7 Qxe7) 37. Nxc8 $18 Qxc8 {[#]} 38. Qg6 $1 {[%cal Rg6h6]} Rh8 (38... d4 $142 39. Qxh6 Qe8) 39. f7 Rc7 40. Re1 Qd7 41. Re8+ Rc8 42. Rge1 {Precision: White = 78%, Black = 30%.} 1-0

[Event "Silver Lake Open-A 2018"]
[Site "Veliko Gradiste"]
[Date "2018.06.21"]
[Round "6"]
[White "Perunovic, Miodrag"]
[Black "Baglan, Esat"]
[Result "1-0"]
[WhiteElo "2442"]
[BlackElo "2314"]
[Annotator "TA"]
[PlyCount "59"]
[EventDate "2018.06.21"]
[EventType "swiss"]
[EventCountry "SRB"]
[SourceTitle "playchess.com"]
[Source "ChessBase"]
[SourceQuality "1"]

{[%evp 22,59,46,40,75,58,69,55,99,100,92,76,95,74,88,60,62,45,81,27,27,22,31,0,265,279,274,264,412,396,465,449,631,491,525,505,605,585,677,670]} 1. d4 d5 2. c4 c6 3. Nf3 Nf6 4. e3 Bf5 5. Nc3 e6 6. Nh4 Be4 7. f3 Bg6 8. Qb3 Qc7 9. Bd2 {D12: Damengambit (Slawische Verteidigung)} Be7 10. g3 {[%cal Bg2g3,Bg3g4][%mdl 32]} Bh5 (10... Nbd7 11. cxd5 exd5 12. O-O-O a5 13. Nxg6 hxg6 14. Qc2 a4 15. e4 a3 16. e5 axb2+ {0-1 (59) Le,Q (2737)-Mamedov,R (2709) Huaian 2017}) 11. O-O-O g5 12. g4 {LiveBook: 4 Partien} Bg6 13. Nxg6 hxg6 14. Kb1 $146 ({Vorgänger:} 14. Be1 dxc4 15. Qxc4 Bd6 16. h3 Nbd7 {½-½ (37) Donchenko,A (2294)-Kargin,A (2424) Marianske Lazne 2012}) 14... a6 15. e4 dxe4 16. Nxe4 Nxe4 17. fxe4 Nd7 18. e5 c5 19. d5 $1 {[%cal Rd5d6]} Nxe5 20. Bc3 ({Besser ist} 20. dxe6 $16 Qc6 21. Rg1 Rxh2 22. Bc3) 20... exd5 $11 21. Rxd5 Bf6 $1 22. Qa4+ b5 $2 {[%mdl 8192]} (22... Kf8 $11 {und Schwarz steht sicher.} 23. Bg2 Re8) 23. cxb5 $18 O-O {[#]} 24. b6 $1 {[%mdl 512]} Qxb6 (24... Qb7 $142 25. Bg2 Rae8) 25. Bxe5 (25. Rxe5 Bxe5 26. Bxe5 Qb7 $16) 25... Qe6 26. Bc4 {Weiß steht klar auf Gewinn.} ({Nicht} 26. Qe4 Rae8 $11) 26... Rab8 (26... Bxe5 $142 27. Re1 (27. Rxc5 Qe7 $11) 27... Qxg4) 27. Re1 {[%cal Bh1e1,Be1e5,Be5g5][%mdl 32]} Rb4 28. Qc2 Bxe5 29. Rexe5 Qxg4 30. Rxg5 {Precision: Weiß = 55%, Schwarz = 21%.} 1-0

[Event "Silver Lake Open-A 2018"]
[Site "Veliko Gradiste"]
[Date "2018.06.21"]
[Round "6"]
[White "Lajthajm, Borko"]
[Black "Injac, Teodora"]
[Result "1-0"]
[WhiteElo "2432"]
[BlackElo "2282"]
[Annotator "TA"]
[PlyCount "61"]
[EventDate "2018.06.21"]
[EventType "swiss"]
[EventCountry "SRB"]
[SourceTitle "playchess.com"]
[Source "ChessBase"]
[SourceQuality "1"]

{[%evp 12,61,25,-6,-12,-18,-9,-18,-36,-20,-25,-54,-37,-51,-50,-55,-44,-59,0,0,0,0,0,-9,80,79,91,76,97,80,75,72,73,66,91,82,117,112,139,131,264,259,258,258,232,164,243,265,268,274,1329,1297]} 1. d4 Nf6 2. c4 g6 3. Nc3 Bg7 4. e4 d6 5. h3 O-O 6. Bg5 c5 7. dxc5 {LiveBook: 3 Games. E71: King's Indian: 4 e4 d6 5 h3} (7. d5 b5 8. cxb5 Qa5 9. Bd2 Qb4 10. a3 Qa5 11. a4 a6 12. Bd3 Qc7 13. Nf3 e6 14. dxe6 fxe6 15. O-O {1-0 (67) Vallejo Pons,F (2716)-Forcen Esteban,D (2540) Monzon 2016}) 7... dxc5 8. Nf3 Nc6 9. Be2 {The position is equal.} b6 $146 ({Predecessor:} 9... Qa5 10. O-O Rd8 11. Qc1 Nd4 12. Rd1 Qc7 13. e5 Nxe2+ {1-0 (13) Martins,A (2013)-Moraes,M (1697) Sao Bento do Sul 2015}) 10. O-O Bb7 11. Qb1 Nd4 12. Re1 Nd7 13. Bh4 Re8 14. Nd5 Nxe2+ (14... Rc8 $15) 15. Rxe2 $11 Ne5 16. Nxe5 Bxe5 17. Qc2 Bxd5 (17... f6 $11) 18. exd5 $16 Qd6 19. Rae1 Bf6 20. Bxf6 Qxf6 21. Re5 Rad8 22. R1e3 Qd6 23. h4 {[%cal Bh3h4,Bh4h5][%mdl 32]} Qf6 24. h5 Rd6 25. Qa4 Red8 (25... Rf8 $16 {was worth a try.} 26. Qxa7 e6) 26. Rxe7 $18 ({Don't play} 26. Qxa7 $6 e6 $16) 26... Rf8 27. hxg6 hxg6 28. Qc2 a6 (28... b5 $142 29. R7e5 (29. Rxa7 bxc4 30. Qxc4 Qxb2 $16) (29. cxb5 Rxd5 30. g3 a6 $16) 29... bxc4 30. Qxc4 Ra6) 29. R7e5 Kg7 30. Qc3 Rc8 $2 {[#]} (30... Kg8 31. b3 Rd7) 31. Rf3 {Precision: White = 55%, Black = 47%.} 1-0

[Event "Silver Lake Open-A 2018"]
[Site "Veliko Gradiste"]
[Date "2018.06.21"]
[Round "6"]
[White "Radovanovic, Mihajlo"]
[Black "Avalyan, Artur"]
[Result "0-1"]
[WhiteElo "2419"]
[BlackElo "2268"]
[Annotator "TA"]
[PlyCount "80"]
[EventDate "2018.06.21"]
[EventType "swiss"]
[EventCountry "SRB"]
[SourceTitle "playchess.com"]
[Source "ChessBase"]
[SourceQuality "1"]

{[%evp 13,80,19,14,0,12,0,0,0,0,0,0,0,0,-94,0,0,0,-18,-14,-18,-5,-14,-8,-25,-11,-22,-19,-39,0,-28,10,-25,0,-36,-37,-36,-44,-70,-70,-74,-6,-14,-14,-14,-12,-23,-6,-319,-321,-312,-307,-465,-438,-434,-428,-406,-404,-587,-577,-776,-781,-780,-753,-850,-838,-826,-809,-823,-940]} 1. e4 e6 2. d3 d5 3. Nd2 Nc6 4. Ngf3 e5 5. Be2 Nf6 6. O-O Be7 7. c3 a5 {LiveBook: 37 Partien} 8. exd5 {C00: Französische Verteidigung (Seltene Züge)} (8. b3 O-O 9. a3 Re8 10. Bb2 Nh5 11. Re1 Nf4 12. Qc2 dxe4 13. dxe4 Nxe2+ 14. Rxe2 Be6 15. a4 Bc5 16. h3 Qf6 17. Rd1 {0-1 (56) Bartel,M (2641)-Jobava,B (2713) Dubai 2014}) 8... Nxd5 9. Nc4 Bf6 $1 10. a4 $146 {Die Stellung ist ausgeglichen.} ({Vorgänger:} 10. Re1 O-O 11. h3 b5 12. Ne3 g6 13. Nxd5 Qxd5 14. Be3 Bf5 15. Ng5 Rad8 {0-1 (54) Shangin,E-Provotorov,I Togliatti 2000}) 10... O-O 11. Qb3 Re8 12. Re1 b6 13. Qb5 {[#]} (13. Nfd2 $11 {hält das Gleichgewicht.}) 13... Na7 ({Günstiger ist} 13... Ncb4 $1 $17 {[%mdl 512]} 14. cxb4 Ba6) 14. Qb3 $11 Nc6 15. Bf1 Bf5 16. h3 h6 17. Bd2 Qd7 18. Rad1 Rad8 19. Qb5 g5 20. Bc1 Kg7 21. Nfd2 Nb8 {[%cal Bc6b8,Bb8a6,Ba6c5,Bc5d3][%mdl 32]} 22. Qb3 Kg8 23. Ne4 Bg7 $1 24. Ng3 Bg6 25. Be2 Na6 26. Bg4 {[#]} f5 (26... Qc6 $1 $17 {Droht stark ...Sc5.} 27. Ne4 f5) 27. Bh5 $1 {[%cal Rh5g6]} Nc5 28. Qc2 $1 Bxh5 29. Nxh5 Qxa4 30. Qb1 $2 {[%mdl 8192]} (30. Qxa4 $11 Nxa4 31. Nxg7 Kxg7 32. Nxe5) 30... e4 $19 {[%cal Be5e4,Be4d3,Bd3d2][%mdl 32]} 31. Nxg7 Kxg7 32. Be3 (32. b3 {war einen Versuch wert.} Qxb3 33. Qxb3 Nxb3 34. dxe4 fxe4 35. Bb2) 32... Nxd3 33. Bd4+ Kg8 34. b3 Qd7 35. Rxd3 (35. Ne5 {ist eine bessere Verteidigung.} Rxe5 36. Bxe5 Nxe1 37. Rxe1) 35... exd3 {Schwarz steht klar auf Gewinn.} 36. Ne5 d2 37. Rd1 Qe6 38. c4 Nf4 {[%cal Bd5f4,Bf4e2,Be2d4][%mdl 32]} 39. Ba1 Ne2+ 40. Kh1 Nd4 {Precision: Weiß = 36%, Schwarz = 66%.} 0-1

[Event "Silver Lake Open-A 2018"]
[Site "Veliko Gradiste"]
[Date "2018.06.21"]
[Round "6"]
[White "Kanakaris, Georgios"]
[Black "Atalik, Suat"]
[Result "1/2-1/2"]
[WhiteElo "2399"]
[BlackElo "2512"]
[Annotator "TA"]
[PlyCount "28"]
[EventDate "2018.06.21"]
[EventType "swiss"]
[EventCountry "SRB"]
[SourceTitle "playchess.com"]
[Source "ChessBase"]
[SourceQuality "1"]

{[%evp 11,28,6,13,16,10,0,0,-6,24,15,36,45,33,24,27,8,48,39,50]} 1. d4 Nf6 2. Bf4 g6 3. Nd2 Bg7 4. c3 d6 5. e4 O-O 6. Ngf3 Nc6 {LiveBook: 7 Games} 7. Qc2 {A48: 1 d4 Nf6 2 Nf3 g6: Torre, London and Colle Systems} (7. Bc4 Qe8 8. h3 e5 9. dxe5 Nxe5 10. Nxe5 dxe5 11. Be3 b6 12. g4 Be6 13. Qb3 Bd7 14. Qc2 a5 {1-0 (60) Andreikin,D (2720)-Sasikiran,K (2639) Berlin 2015}) 7... Qe8 8. h3 e5 9. dxe5 {The position is equal.} Nh5 10. Be3 {[#] Hoping for g4.} Nxe5 11. Nxe5 Qxe5 12. g4 Nf6 $1 13. Bg2 Qe7 $146 ({Predecessor:} 13... Bd7 14. f4 Qe7 {½-½ (25) Hort,V (2580)-Lau,R (2475) Bad Neuenahr 1989}) 14. O-O-O Bd7 1/2-1/2

[Event "Silver Lake Open-A 2018"]
[Site "Veliko Gradiste"]
[Date "2018.06.21"]
[Round "6"]
[White "Karavade, Eesha"]
[Black "Mastrapovic, Vladimir"]
[Result "1-0"]
[WhiteElo "2399"]
[BlackElo "2237"]
[Annotator "NA"]
[PlyCount "63"]
[EventDate "2018.06.21"]
[EventType "swiss"]
[EventCountry "SRB"]
[SourceTitle "playchess.com"]
[Source "ChessBase"]
[SourceQuality "1"]
[TimeControl "40/5400+30:900+30"]

1. e4 {[%emt 0:00:00]} c5 {[%emt 0:00:07]} 2. Nf3 {[%emt 0:00:00]} Nc6 {[%emt 0:00:08]} 3. Bb5 {[%emt 0:00:18]} e6 {[%emt 0:03:12]} 4. Bxc6 {[%emt 0:01:05]} bxc6 {[%emt 0:00:08]} 5. b3 {[%emt 0:00:07]} f6 {[%emt 0:03:42]} 6. O-O {[%emt 0:00:39]} d6 {[%emt 0:00:46]} 7. c3 {[%emt 0:03:17]} Ne7 {[%emt 0:03:34]} 8. d4 {[%emt 0:00:27]} cxd4 {[%emt 0:00:06]} 9. cxd4 {[%emt 0:00:06]} Ng6 {[%emt 0:00:28]} 10. Nc3 {[%emt 0:02:40]} Be7 {[%emt 0:01:13]} 11. Be3 {[%emt 0:08:58]} O-O {[%emt 0:03:54]} 12. Qe2 {[%emt 0:05:06]} Qa5 {[%emt 0:06:03]} 13. Rfc1 {[%emt 0:01:14]} Ba6 {[%emt 0:01:25]} 14. Qd2 {[%emt 0:03:42]} f5 {[%emt 0:06:50]} 15. Bg5 {[%emt 0:08:50]} Rae8 {[%emt 0:06:31]} 16. Bxe7 {[%emt 0:00:56]} Nxe7 {[%emt 0:00:23]} 17. e5 {[%emt 0:02:37]} Ng6 {[%emt 0:01:40]} 18. exd6 {[%emt 0:02:23]} Qd8 {[%emt 0:00:12]} 19. Na4 {[%emt 0:07:07]} Qxd6 {[%emt 0:00:57]} 20. Nc5 {[%emt 0:00:10]} Bc8 {[%emt 0:00:12]} 21. Nd3 {[%emt 0:00:15]} Rd8 {[%emt 0:00:57]} 22. Qe3 {[%emt 0:05:06]} Rf6 {[%emt 0:04:06]} 23. Rc5 {[%emt 0:05:10]} Bd7 {[%emt 0:08:27]} 24. Nde5 {[%emt 0:01:11]} Be8 {[%emt 0:00:03]} 25. Nxg6 {[%emt 0:06:36]} Rxg6 {[%emt 0:03:20]} 26. h3 {[%emt 0:00:09]} Rf6 {[%emt 0:04:15]} 27. Rac1 {[%emt 0:00:41]} h6 {[%emt 0:00:28]} 28. R1c4 {[%emt 0:01:33]} Rf7 {[%emt 0:01:03]} 29. Ne5 {[%emt 0:01:12]} Rc7 {[%emt 0:00:30]} 30. Qc3 {[%emt 0:05:46]} g5 {[%emt 0:01:09]} 31. Nxc6 {[%emt 0:01:35]} g4 {[%emt 0:01:41]} 32. Nxd8 {[%emt 0:00:16]} 1-0

[Event "Silver Lake Open-A 2018"]
[Site "Veliko Gradiste"]
[Date "2018.06.21"]
[Round "6"]
[White "Low, Zhen Yu Cyrus"]
[Black "Pogan, Nikolas"]
[Result "1-0"]
[WhiteElo "2387"]
[BlackElo "2260"]
[Annotator "ChessBase"]
[PlyCount "99"]
[EventDate "2018.06.21"]
[EventType "swiss"]
[EventCountry "SRB"]
[SourceTitle "playchess.com"]
[Source "ChessBase"]
[SourceQuality "1"]
[TimeControl "40/5400+30:900+30"]

1. e4 {[%emt 0:00:00]} c6 {[%emt 0:00:01]} 2. d4 {[%emt 0:00:00]} d5 {[%emt 0:00:02]} 3. f3 {[%emt 0:00:00]} e6 {[%emt 0:00:03]} 4. Nc3 {[%emt 0:00:00]} Bb4 {[%emt 0:00:03]} 5. Bf4 {[%emt 0:00:00]} Ne7 {[%emt 0:00:05]} 6. Qd3 {[%emt 0:00:07]} b6 {[%emt 0:00:54]} 7. Nge2 {[%emt 0:00:07]} Ba6 {[%emt 0:00:04]} 8. Qe3 {[%emt 0:00:06]} Nd7 {[%emt 0:00:59]} 9. O-O-O {[%emt 0:00:31]} O-O {[%emt 0:00:06]} 10. h4 {[%emt 0:02:03]} Re8 {[%emt 0:00:56]} 11. h5 {[%emt 0:03:51]} c5 {[%emt 0:00:10]} 12. h6 {[%emt 0:07:25]} g6 {[%emt 0:04:54]} 13. dxc5 {[%emt 0:06:38]} bxc5 {[%emt 0:27:35]} 14. a3 {[%emt 0:17:50]} Ba5 {[%emt 0:06:55]} 15. Bd6 {[%emt 0:02:53]} Nc6 {[%emt 0:11:38]} 16. exd5 {[%emt 0:12:16]} exd5 {[%emt 0:00:15]} 17. Qf2 {[%emt 0:00:06]} d4 {[%emt 0:00:15]} 18. Ne4 {[%emt 0:00:52]} Nf6 {[%emt 0:00:25]} 19. Bxc5 {[%emt 0:18:15]} Nxe4 {[%emt 0:04:17]} 20. fxe4 {[%emt 0:00:02]} Qg5+ {[%emt 0:03:32]} 21. Nf4 {[%emt 0:06:57]} Rxe4 {[%emt 0:07:16]} 22. Bd6 {[%emt 0:08:20]} Bb7 {[%emt 0:07:43]} 23. Kb1 {[%emt 0:05:17]} Qf6 {[%emt 0:12:23]} 24. Bd3 {[%emt 0:00:10]} Re6 {[%emt 0:02:30]} 25. Bc5 {[%emt 0:00:52]} Ne5 {[%emt 0:03:29]} 26. Bxd4 {[%emt 0:01:15]} Nxd3 {[%emt 0:02:08]} 27. Rxd3 {[%emt 0:00:37]} Qf5 {[%emt 0:00:43]} 28. Nxe6 {[%emt 0:00:17]} fxe6 {[%emt 0:01:09]} 29. Qxf5 {[%emt 0:04:32]} exf5 {[%emt 0:00:01]} 30. Rg1 {[%emt 0:00:41]} Be4 {[%emt 0:00:15]} 31. Re3 {[%emt 0:00:00]} Bd2 {[%emt 0:00:10]} 32. Rh3 {[%emt 0:01:01]} a5 {[%emt 0:00:53]} 33. Bc3 {[%emt 0:00:40]} Bf4 {[%emt 0:00:27]} 34. g3 {[%emt 0:00:16]} Be3 {[%emt 0:00:32]} 35. Rd1 {[%emt 0:00:09]} Ra7 {[%emt 0:01:56]} 36. Rd8+ {[%emt 0:01:13]} Kf7 {[%emt 0:00:01]} 37. Rh8 {[%emt 0:01:04]} Ke6 {[%emt 0:00:14]} 38. Re8+ {[%emt 0:00:56]} Kf7 {[%emt 0:01:37]} 39. Rh8 {[%emt 0:00:52]} Ke6 {[%emt 0:00:04]} 40. Rh2 {[%emt 0:00:00]} a4 {[%emt 0:01:13]} 41. Bg7 {[%emt 0:01:23]} Rd7 {[%emt 0:08:17]} 42. Rxh7 {[%emt 0:00:39]} Rd1+ {[%emt 0:02:28]} 43. Ka2 {[%emt 0:00:12]} f4 {[%emt 0:03:54]} 44. gxf4 {[%emt 0:00:18]} g5 {[%emt 0:00:15]} 45. Rh8 {[%emt 0:00:55]} Bd5+ {[%emt 0:02:06]} 46. b3 {[%emt 0:00:09]} Bxf4 {[%emt 0:00:04]} 47. Re8+ {[%emt 0:01:16]} Kd7 {[%emt 0:00:41]} 48. h7 {[%emt 0:00:06]} axb3+ {[%emt 0:00:56]} 49. cxb3 {[%emt 0:00:02]} Bxh2 {[%emt 0:00:44]} 50. h8=Q {[%emt 0:00:08]} 1-0

[Event "Silver Lake Open-A 2018"]
[Site "Veliko Gradiste"]
[Date "2018.06.21"]
[Round "6"]
[White "Dudukovic, Nikola"]
[Black "Damljanovic, Branko"]
[Result "1/2-1/2"]
[WhiteElo "2385"]
[BlackElo "2499"]
[Annotator "TA"]
[PlyCount "88"]
[EventDate "2018.06.21"]
[EventType "swiss"]
[EventCountry "SRB"]
[SourceTitle "playchess.com"]
[Source "ChessBase"]
[SourceQuality "1"]

{[%evp 21,88,-13,-16,-14,1,-22,0,0,-8,-66,-54,-62,-54,-65,-31,-48,-6,-43,-41,-43,-31,-31,-17,-55,-52,-29,-33,-70,-70,-124,-116,-101,-112,-95,-10,-10,-7,-68,-13,-13,-18,-20,-18,-18,-8,0,0,0,0,0,0,0,16,9,11,0,0,0,0,0,0,0,0,0,0,0,0,0,0]} 1. Nf3 Nf6 2. g3 d5 3. Bg2 Bg4 4. c4 c6 5. d4 e6 6. O-O Nbd7 7. Qb3 Qb6 8. Nc3 Be7 9. c5 Qa6 {D11: Slav Defence: 3 Nf3 sidelines and 3...Nf6 4 e3 Bg4} 10. Bf4 b6 11. cxb6 axb6 {LiveBook: 4 Games} 12. h3 Bh5 13. a4 $146 ({Predecessor:} 13. g4 Bg6 14. Nh4 O-O 15. Rac1 Nxg4 16. Nxg6 fxg6 17. Bg3 {½-½ (62) Rakhmanov,A (2636)-Debashis,D (2485) Doha 2014}) 13... h6 14. Rfe1 g5 15. Be5 (15. Bd2 $11) 15... Bxf3 $15 16. exf3 Nxe5 17. Rxe5 b5 18. Ree1 {[%cal Ra4b5]} b4 19. Nd1 Qb6 $36 {[%mdl 2048] Black has good play.} 20. Qd3 Nd7 21. Ne3 Bf6 22. Red1 c5 23. dxc5 Nxc5 24. Qe2 {Nxd5 is the strong threat.} O-O 25. a5 (25. Ng4 $15 Bg7 26. f4) 25... Rxa5 $17 26. Rxa5 Qxa5 27. f4 d4 ({Better is} 27... gxf4 $17 28. Ng4 Bg7 29. gxf4 Qa2) 28. fxg5 $11 hxg5 29. Nc4 (29. Ng4 $1 $11 Bg7 30. Ne5) 29... Qd8 (29... Qa6 $15) 30. Qh5 {The position is equal.} d3 {[#] Strongly threatening ...Qd4.} 31. h4 $1 {[%mdl 512]} Qd4 (31... gxh4 32. Qxc5) 32. hxg5 Bg7 33. Nd2 $1 Rc8 34. b3 Qc3 35. g6 {Hoping for Ne4.} f5 36. g4 f4 37. Bd5 Qe5 38. Bc4 Qe2 39. Rc1 {Threatens to win with Kg2.} Qxd2 {[#]} 40. Bxe6+ $1 {[%mdl 512]} Kf8 (40... Nxe6 41. Rxc8+) 41. Qf5+ Ke7 42. Rxc5 {White wants to mate with Qf7+.} Rxc5 43. Qxc5+ Kxe6 44. Qc6+ Ke7 {Precision: White = 58%, Black = 42%.} 1/2-1/2

[Event "Silver Lake Open-A 2018"]
[Site "Veliko Gradiste"]
[Date "2018.06.21"]
[Round "6"]
[White "Stoyanov, Tsvetan"]
[Black "Gazik, Viktor"]
[Result "0-1"]
[WhiteElo "2363"]
[BlackElo "2490"]
[Annotator "TA"]
[PlyCount "80"]
[EventDate "2018.06.21"]
[EventType "swiss"]
[EventCountry "SRB"]
[SourceTitle "playchess.com"]
[Source "ChessBase"]
[SourceQuality "1"]

{[%evp 18,80,48,46,59,59,71,57,104,56,62,62,110,102,113,110,123,108,98,93,144,163,155,39,59,-9,11,-87,-83,-127,-129,-140,-39,-102,-96,-80,-85,-97,-66,-84,-74,-44,-47,-83,-61,-200,-176,-187,-191,-175,-157,-966,-1018,-1194,0,-941,-734,-676,-434,-651,-636,-29992,-29993,-29993,-29994]} 1. e4 g6 2. Nf3 Bg7 3. d4 d6 4. Bd3 Nf6 {[%cal Bg8f6,Bf6h5,Bh5f4][%mdl 32]} 5. O-O O-O 6. Re1 Nc6 7. c3 e5 8. Na3 {B07: Pirc Defence: Miscellaneous Systems} (8. h3 Qe7 9. Nbd2 Nh5 10. dxe5 dxe5 11. Nc4 Nf4 12. Bf1 Be6 13. Qc2 Qf6 14. Bxf4 Qxf4 15. Ne3 Ne7 16. Nd2 {0-1 (37) Buhmann,R (2589)-Tomashevsky,E (2714) Berlin 2018}) 8... Nh5 9. Nc2 h6 10. h3 {LiveBook: 17 Games. White is slightly better.} Kh8 $146 ({Predecessor:} 10... Ne7 11. dxe5 dxe5 12. Bc4 b6 13. Qxd8 Rxd8 14. Nb4 Nf4 15. Bxf4 exf4 16. Rad1 Bb7 17. Nd3 Kf8 {1-0 (76) Van den Doel,E (2573)-Kunin,V (2571) Amsterdam 2017}) 11. a4 Nf4 12. Bb5 Qf6 13. Bxc6 (13. a5 {with more complications.} exd4 14. cxd4 a6 15. Bxc6 bxc6 16. Nb4) 13... bxc6 14. Nb4 Bb7 15. dxe5 dxe5 {[%cal Bd6e5,Be5f4,Bf4f3,Bf3g2][%mdl 32]} 16. Bxf4 $1 exf4 17. e5 Qe7 18. Nd3 Rfd8 (18... Rad8 $142) 19. Qb3 $16 Rab8 {[#]} 20. Qc4 (20. e6 $1 $16 {[%cal Re6f7]} Ba6 21. Nb4 (21. exf7 Rxb3 22. Rxe7 Rxd3 $16)) 20... c5 $1 $14 21. Nh2 {[#]} (21. Rad1 $14) 21... f3 $1 {[%mdl 512]} 22. Nf4 (22. e6 $11) (22. gxf3 Qg5+) 22... g5 $17 23. Nh5 fxg2 24. Ng4 Bd5 ({Black should try} 24... Rd2 $17 25. Nxg7 Kxg7) 25. Qe2 (25. Qd3 $15 c4 26. Qc2) 25... Qe6 $36 {[%mdl 2048] Black is in control.} 26. Qc2 Bb3 27. Qe4 Rd2 28. Rac1 Bd5 ({Don't go for} 28... Rxb2 $2 29. Nhf6 $18) 29. Qe3 Rdxb2 {Threatens to win with ...c4.} 30. Ngf6 c4 31. h4 {[#]} ({Better is} 31. Nxg7 $15 Kxg7 32. Nxd5 Qxd5 33. Qd4) 31... Bxf6 $1 $19 32. Nxf6 Ba8 {...Qf5 is the strong threat.} 33. hxg5 hxg5 ({Wrong is} 33... h5 $2 34. g6 $18) 34. Rcd1 $2 (34. Qxg5 $17 Qh3 35. Qh5+ Qxh5 36. Nxh5) 34... Qf5 35. Rd4 Qg6 $2 (35... Rb1 $19 36. Ng4 Bf3) 36. Qg3 $2 {[%mdl 8192]} (36. Qh3+ $11 Kg7 37. Nh5+ Kf8 38. Nf6) 36... Qh6 {[%csl Ga8,Gg2][%cal Rh6h1]} 37. Qh2 Qxh2+ 38. Kxh2 Rxf2 {( -> ...Rf1)} 39. Red1 {intending Rd8+.} Rf1 40. Rd8+ Kg7 {Precision: White = 35%, Black = 50%.} 0-1

[Event "Silver Lake Open-A 2018"]
[Site "Veliko Gradiste"]
[Date "2018.06.21"]
[Round "6"]
[White "Savicevic, Vlatko"]
[Black "Cholleti, Sahajasri"]
[Result "1-0"]
[WhiteElo "2354"]
[BlackElo "2151"]
[Annotator "NA"]
[PlyCount "48"]
[EventDate "2018.06.21"]
[EventType "swiss"]
[EventCountry "SRB"]
[SourceTitle "playchess.com"]
[Source "ChessBase"]
[SourceQuality "1"]
[TimeControl "40/5400+30:900+30"]

1. e4 {[%emt 0:00:00]} c5 {[%emt 0:00:32]} 2. Nf3 {[%emt 0:00:06]} d6 {[%emt 0:00:06]} 3. Nc3 {[%emt 0:01:29]} Nf6 {[%emt 0:00:15]} 4. d4 {[%emt 0:00:46]} cxd4 {[%emt 0:00:08]} 5. Nxd4 {[%emt 0:00:07]} a6 {[%emt 0:00:04]} 6. Bg5 {[%emt 0:01:33]} e6 {[%emt 0:00:08]} 7. f4 {[%emt 0:00:34]} h6 {[%emt 0:00:08]} 8. Bh4 {[%emt 0:00:36]} Qb6 {[%emt 0:00:06]} 9. a3 {[%emt 0:05:51]} Be7 {[%emt 0:03:36]} 10. Bf2 {[%emt 0:02:58]} Qc7 {[%emt 0:00:10]} 11. Qf3 {[%emt 0:05:03]} b5 {[%emt 0:01:10]} 12. Bd3 {[%emt 0:13:20]} Bb7 {[%emt 0:02:53]} 13. O-O-O {[%emt 0:01:28]} Nc6 {[%emt 0:03:29]} 14. Rhe1 {[%emt 0:13:08]} Rc8 {[%emt 0:05:16]} 15. Nxc6 {[%emt 0:08:57]} Bxc6 {[%emt 0:04:35]} 16. Bd4 {[%emt 0:16:34]} Qb7 {[%emt 0:06:49]} 17. Qe2 {[%emt 0:00:41]} Ra8 {[%emt 0:21:36]} 18. e5 {[%emt 0:13:47]} dxe5 {[%emt 0:04:37]} 19. Bxe5 {[%emt 0:01:26]} Bxg2 {[%emt 0:10:37]} 20. Bxf6 {[%emt 0:02:37]} gxf6 {[%emt 0:04:25]} 21. Ne4 {[%emt 0:00:29]} Bh3 {[%emt 0:00:15]} 22. Qh5 {[%emt 0:02:06]} Bf5 {[%emt 0:07:24]} 23. Qxf5 {[%emt 0:00:25]} Qb8 {[%emt 0:00:07]} 24. Nxf6+ {[%emt 0:00:17]} Kf8 1-0